Statistics for Rocket league cars

Click here to take the quiz!

General Stats

  • This quiz has been taken 33 times
    (25 since last reset)
  • The average score is 11 of 65

Answer Stats

HintAnswer% Correct
3octane
100%
4dominus
76%
37fennec
76%
2breakout
48%
6merc
43%
9road hog
38%
11x devil
38%
43octane zsr
33%
8paladin
33%
21scarab
33%
26takumi
33%
35dominus gt
29%
20grog
29%
17sweet tooth
29%
5gizmo
24%
23marauder
24%
18aftershock
19%
1backfire
19%
56battle bus
19%
31breakout type s
19%
19esper
19%
45road hog xl
19%
65road hog xl
19%
49twinzer
19%
36endo
14%
41mantis
14%
25ripper
14%
10venom
14%
51werewolf
14%
29zippy
14%
12armadillo
10%
33cyclone
10%
13hogsticker
10%
7hotshot
10%
22proteus
10%
46samurai
10%
47sentinel
10%
52x devil mk2
10%
30animus gp
5%
58guardian
5%
59harbinger
5%
40jager 619
5%
14luigi nsr
5%
15mario nsr
5%
24masamune
5%
60maverick
5%
42nimbus
5%
63r3mx
5%
16samus gunship
5%
48takumi rxt
5%
27triton
5%
28vulcan
5%
55artemis
0%
32centio v17
0%
57chikara
0%
34diestro
0%
53ford f 150 rle
0%
38imperator dt5
0%
39insido
0%
54komodo
0%
61mudcat
0%
62nemesis
0%
44peregine tt
0%
64ronin
0%
50tygris
0%

Score Distribution

Percentile by Number Answered

Percent of People with Each Score

Your Score History

You have not taken this quiz since the last reset